| 000 | 01397cam a2200253 4500 | ||
|---|---|---|---|
| 001 | ABS68036 | ||
| 008 | 040712n2004 000 0 eng u | ||
| 035 | _a(Sirsi) u126750 | ||
| 100 | _aBevan, S. | ||
| 245 | _aNobody's home | ||
| 260 | _c2004 | ||
| 490 |
_aRICS Business _vJuly/August 2004,12-14(3) |
||
| 520 | _aDiscusses the proposed introduction of Empty Homes Management Orders (EHMOs) in an amendment to the Housing Bill currently going through parliament. Outlines the scale of the empty homes problem: 720 000 in England alone, 308 000 of which have been empty for more than six months. Local authorities can use EHMOs to take control of empty homes to meet housing demand, with the legal title remaining with the owner, who is entitled to rental income after costs are met. Covers other developments on the empty homes front such as cutting VAT on the cost of renovating houses empty for three years or more and permission being given to local authorities to reduce or remove entirely the 50% council tax discount on empty homes left vacant too long. Table gives numbers of empty homes in England as at 1 April 2003. | ||
| 590 | _aABS | ||
| 590 | _aABS | ||
| 650 | _aVAT | ||
| 650 | _aRENTAL INCOME | ||
| 650 | _aEMPTY HOMES | ||
| 650 | _aCOUNCIL TAX | ||
| 650 | _aCOMPULSORY PURCHASE ORDERS | ||
| 650 | _aHOUSING BILL 2003 | ||
| 690 | _aHOUSING-MARKET | ||
| 942 | _n0 | ||
| 999 |
_c117679 _d117679 |
||